K písaniu patrí i mlčanie zhováranie so Štefanom Strážayom

Bibliographic Details
Other Authors: Kamenistý, Ján, 1941- (Interviewer)
Format: Article
Language:Slovak
PhysicalDescription:Fotogr.
ISSN:1335-6976
Subjects:

MARC

LEADER 00000nab a2200000 a 4500
001 vtls000760209
003 SK-MaSNL
005 20260302160107.0
008 140507c2001 xo 0 slo
015 |a SNBRB2001/06-18573 
035 |a CLN000111996 
040 |a SNKBUCL  |b slo  |c SNKBUCL  |e AACR2 
041 0 |a slo 
044 |a xo  |c SK 
080 |a 82:929:885.4  |2 1997 
080 |a 885.4:929  |2 1997 
100 1 |a Kamenistý, Ján,  |d 1941-  |4 ivr  |9 103266 
245 1 0 |a K písaniu patrí i mlčanie  |b zhováranie so Štefanom Strážayom  |c [zhováral sa] Ján Kamenistý 
300 |b Fotogr. 
600 1 7 |a Strážay, Štefan,  |d 1940-  |2 snkbucl  |9 113041 
655 7 |a články z novín a časopisov  |2 snkbucl  |9 267496 
700 1 |a Strážay, Štefan,  |d 1940-  |4 ive  |9 113041 
773 0 |t Kultúrny život  |g Roč. 2, č. 9 (2001), s. 3  |x 1335-6976 
850 |a Slovenská národná knižnica v Martine 
852 |a SNK  |b KIS3GCP 
958 |a LX 
958 |a SK 
992 |a RBX 
999 |c 1373513  |d 1375443